| 000 | 00548nam a2200193Ia 4500 | ||
|---|---|---|---|
| 003 | GCL | ||
| 008 | 140319s9999 xx 000 0 ara d | ||
| 040 |
_aGCL / _cGCL |
||
| 082 | 0 | 4 |
_aد _b050 |
| 100 | 1 | _aفؤاد صروف | |
| 245 | 1 | 0 |
_aالنار الخالدة ( اقرا 52 ) / _cفؤاد صروف |
| 300 | _a125 ص | ||
| 490 |
_aوثائق ونصوص _v0 |
||
| 650 | 0 | 4 | _aالطاقة الذرية |
| 650 | 0 | 4 | _aالطاقة النووية |
| 650 | 0 | 4 | _aهندسة الطاقة |
| 650 | 0 | 4 | _aالقنابل الذرية |
| 942 |
_2ddc _cCF |
||
| 999 |
_c27294 _d27294 |
||